Let us break bread together : (Record no. 16592)
[ view plain ]
| 000 -LEADER | |
|---|---|
| fixed length control field | 00496nam a22001812 4500 |
| 001 - CONTROL NUMBER | |
| control field | 0000017299 |
| 003 - CONTROL NUMBER IDENTIFIER | |
| control field | OSt |
| 005 - DATE AND TIME OF LATEST TRANSACTION | |
| control field | 20140825164711.0 |
| 008 - FIXED-LENGTH DATA ELEMENTS--GENERAL INFORMATION | |
| fixed length control field | 091014s1960 xx 000 0 eng d |
| 040 ## - CATALOGING SOURCE | |
| Original cataloging agency | PUL |
| Transcribing agency | PUL |
| 050 ## - LIBRARY OF CONGRESS CALL NUMBER | |
| Classification number | BX8333.G37 |
| Item number | L4 1960 |
| 100 1# - MAIN ENTRY--PERSONAL NAME | |
| Personal name | Gealy, Fred Daniel. |
| 245 10 - TITLE STATEMENT | |
| Title | Let us break bread together : |
| Remainder of title | thoughts on the meaning of Christ / |
| Statement of responsibility, etc | Fred Daniel Gealy. |
| 300 ## - PHYSICAL DESCRIPTION | |
| Extent | 143 p. ; |
| Dimensions | 21 cm. |
| 650 #0 - SUBJECT ADDED ENTRY--TOPICAL TERM | |
| Topical term or geographic name as entry element | Church year sermons. |
| 908 ## - PUT COMMAND PARAMETER (RLIN) | |
| Put command parameter | 091014 |
| 942 ## - ADDED ENTRY ELEMENTS (KOHA) | |
| Source of classification or shelving scheme | Library of Congress Classification |
| Koha item type | General circulation books |
| Withdrawn status | Lost status | Source of classification or shelving scheme | Damaged status | Not for loan | Home library | Current library | Date acquired | Source of acquisition | Total Checkouts | Full call number | Barcode | Date last seen | Price effective from | Koha item type |
|---|---|---|---|---|---|---|---|---|---|---|---|---|---|---|
| Library of Congress Classification | Presbyterian University of East Africa - Main Library | Presbyterian University of East Africa - Main Library | 26/12/2012 | Donation | BX8333.G37 L4 1960 | 020020004101 | 26/12/2012 | 26/12/2012 | General circulation books |
